000 00718nam a2200205Ia 4500
003 GCL
008 140319s9999 xx 000 0 ara d
040 _aGCL /
_cGCL
082 0 4 _a928.1
_bح ش
100 1 _aحسام عبدالظاهر
245 1 0 _aشوامخ المحققين شوقى ضيف :
_bأستاذ الاجيال (1910 - 2005) /
_cحسام عبدالظاهر
250 _aالاولى
260 _aالقاهرة :
_bدار الكتب والوثائق القومية
300 _a246ص ؛
_c24سم
650 0 4 _aشوقى ضيف
650 0 4 _aالرجال - تراجم
650 0 4 _aالادباء العرب - مصر
650 0 4 _aشوقى ضيف - الانتاج العلمى
942 _2ddc
_cBK
999 _c7528
_d7528